Statistics for Closest capital cities

Click here to take the quiz!

General Stats

  • This quiz has been taken 14 times
  • The average score is 21 of 32

Answer Stats

Distance (km)Capital city #1Capital city #2Continent% Correct
Rome
92%
2.1RomeVatican CityEurope
92%
Tirana
85%
54.9ViennaBratislavaEurope
77%
6.3KinshasaBrazzavilleAfrica
77%
Kinshasa
77%
Pristina
77%
76.9PristinaSkopjeEurope
77%
Vienna
77%
Amman
69%
Basseterre
69%
71.4AmmanJerusalemAsia
69%
Ljubljana
69%
130.6TiranaPodgoricaEurope
69%
94.3BasseterreSt John'sNorth America
69%
81.9HelsinkiTallinnEurope
69%
116.2LjubljanaZagrebEurope
69%
98.4KingstownCastriesNorth America
62%
Freetown
62%
Helsinki
62%
135.5CotonouLoméAfrica
62%
135.1KingstownSt George'sNorth America
62%
Beirut
54%
Bloemfontein
54%
127FreetownConakryAfrica
54%
83.2BeirutDamascusAsia
54%
139.8ManamaDohaAsia
54%
124BloemfonteinMaseruAfrica
54%
Kingstown
46%
Kingstown
46%
Manama
46%
Cotonou
38%

Score Distribution

Percentile by Number Answered

Percent of People with Each Score

Your Score History

You have not taken this quiz